| 000 | 00590cam a2200229 a 4500 | ||
|---|---|---|---|
| 001 | 915637 | ||
| 005 | 20180124040509.0 | ||
| 008 | 820505s1983 paua b 001 0 eng | ||
| 010 | _a 82008935 | ||
| 020 | _a0397543549 | ||
| 040 |
_aDLC _cDLC _dDLC |
||
| 041 | _aeng | ||
| 060 | _aWY 100 F9798 | ||
| 080 | _a610.73 per | ||
| 082 | 0 | 0 |
_a610.73 per _219 |
| 100 | _a1 | ||
| 101 | _aSHM | ||
| 245 | 0 | 0 |
_aFundamentals of nursing / _cLuVerne Wolff ... [et al.]. |
| 504 | _aIncludes bibliographies and index. | ||
| 906 |
_a7 _bcbc _corignew _d1 _eocip _f19 _gy-gencatlg |
||
| 942 |
_2ddc _cBK |
||
| 999 |
_c40832 _d40832 |
||